01522 2200217 4500001002100000005001500021035002000036001002100056005001500077035002000092245004200112100001600154250001800170300003400188260003600222082001000258084001600268020002200284650001800306520098000324INLIS00000000000041120240618015400 a0010-0624000120INLIS00000000000032320240602081620 a0010-06240000321 aDua Puluh Dongeng Anak /cZuber Usman0 aZuber Usman acetakan ke-12 aviii, 92 hlm :bilus ;c21 cm aJakarta :bBalai Pustaka,c2007 a398.2 a398.2 ZUB d a978-979-407-565-5 4aCerita Rakyat aBagian terbesar dari wilayah Indonesia adalah laut, sehingga disebut sebagai negeri bahari. Kita adalah bangsa pelaut. Nenek moyang kita adalah pelaut yang ulung dan pemberani. Karena itu, jangan takut dengan laut. Laut adalah sumber kekayaan yang tiada tara, yang menghasilkan bermacam ikan kepada para nelayan. Ombak dan angin akan menjadi sahabat, asal kita bisa mempelajari ilmunya dan berani menghadapinya. Terbukti, Pak Darwanto dan anak buahnya bisa bersahabat dengan arus air, ombak besar dan angin kencang. Pak Darwanto bersama para taruna Akademi Angkatan Laut berhasil membawa kapal layar Dewa Ruci sampai ke Amerika. Karena kehebatannya, kapal Dewa Ruci mendapat sambutan hangat dari warga di setiap negara yang disinggahinya. Inilah kisah keberhasilan kapal layar Dewa Ruci mengarungi samudera, menghadapi ombak dan badai dengan gagah berani. Ayo, siapa yang bercita-cita menjadi pelaut hebat? Ingat semboyan kita. Jalesveva Jayamahe, Di Laut Kita Jaya!